L. Pataky Klára színésznő elhunyt
Elmentve itt :
| Dokumentumtípus: | Cikk |
|---|---|
| Megjelent: |
1977-09-17
|
| Sorozat: | Délmagyarország
67 No. 219 |
| Kulcsszavak: | Pataky Klára, L. |
| Online Access: | http://dmarchiv.bibl.u-szeged.hu/98449 |
| LEADER | 00410nab a2200145 i 4500 | ||
|---|---|---|---|
| 001 | delm98449 | ||
| 005 | 20190528103454.0 | ||
| 008 | 190528s1977 hu o 0|| hun d | ||
| 040 | |a SZTE Délmagyarország Archívum |b hun | ||
| 041 | |a hun | ||
| 245 | 0 | 0 | |a L. Pataky Klára színésznő elhunyt |h [elektronikus dokumentum] |
| 260 | |c 1977-09-17 | ||
| 300 | |a 8 | ||
| 490 | 0 | |a Délmagyarország |v 67 No. 219 | |
| 695 | |a Pataky Klára, L. | ||